[Event "chess.com SpeedChess 2024"]
[Site "chess.com INT"]
[Date "2024.07.31"]
[Round "1.3"]
[White "Caruana, Fabiano"]
[Black "Sarana, Alexey"]
[Result "0-1"]
[WhiteTitle "GM"]
[BlackTitle "GM"]
[WhiteElo "2796"]
[BlackElo "2717"]
[WhiteFideId "2020009"]
[BlackFideId "24133795"]
[EventDate "2024.07.25"]
[EventType "k.o."]

1. e4 c5 2. Nf3 d6 3. d4 Nf6 4. Nc3 cxd4 5. Nxd4 a6 6. Be2 e5 7. Nb3 Be7 8. Qd3
Be6 9. Nd5 Nbd7 10. c4 b5 11. Nxf6+ Nxf6 12. cxb5 axb5 13. Qxb5+ Qd7 14. f3 O-O
15. Qxd7 Nxd7 16. Nd2 Rxa2 17. Rxa2 Bxa2 18. b4 Rc8 19. Kd1 d5 20. exd5 Bxb4 21.
Bb5 Nf6 22. Bb2 Nxd5 23. Bxe5 Rc5 0-1

[Event "chess.com SpeedChess 2024"]
[Site "chess.com INT"]
[Date "2024.07.31"]
[Round "1.4"]
[White "Sarana, Alexey"]
[Black "Caruana, Fabiano"]
[Result "1-0"]
[WhiteTitle "GM"]
[BlackTitle "GM"]
[WhiteElo "2717"]
[BlackElo "2796"]
[WhiteFideId "24133795"]
[BlackFideId "2020009"]
[EventDate "2024.07.25"]
[EventType "k.o."]

1. d4 Nf6 2. c4 e6 3. Nc3 Bb4 4. e3 b6 5. Ne2 Ne4 6. Bd2 Nxd2 7. Qxd2 Bb7 8. a3
Be7 9. d5 d6 10. g3 Nd7 11. Bg2 a5 12. b3 O-O 13. O-O e5 14. b4 Bc8 15. Nb5 h5
16. f4 Bf6 17. Nec3 Re8 18. Rae1 axb4 19. axb4 exf4 20. exf4 Rxe1 21. Rxe1 Nf8
22. Ne4 Be7 23. Nd4 Bd7 24. Nc6 Bxc6 25. dxc6 Bf6 26. Ng5 Bxg5 27. fxg5 Ng6 28.
Bd5 Ne5 29. g6 Qf6 30. gxf7+ Kf8 31. Rf1 Qg6 32. Kg2 Ra3 33. c5 bxc5 34. bxc5
Ra8 35. Qd4 Ng4 36. Be4 Qg5 37. Rf4 Ra2+ 38. Kg1 Nxh2 39. Qc3 h4 40. Qb3 Ra8 41.
cxd6 hxg3 42. Rf5 Qc1+ 43. Kg2 Qd2+ 44. Kxg3 Qxd6+ 45. Kh3 Qh6+ 46. Kg2 Ng4 47.
Qb4+ Qd6 48. Qxd6+ cxd6 49. Rb5 Nf6 50. c7 Rc8 51. Rb8 1-0

[Event "chess.com SpeedChess 2024"]
[Site "chess.com INT"]
[Date "2024.07.31"]
[Round "1.5"]
[White "Caruana, Fabiano"]
[Black "Sarana, Alexey"]
[Result "1-0"]
[WhiteTitle "GM"]
[BlackTitle "GM"]
[WhiteElo "2796"]
[BlackElo "2717"]
[WhiteFideId "2020009"]
[BlackFideId "24133795"]
[EventDate "2024.07.25"]
[EventType "k.o."]

1. e4 c5 2. Nf3 d6 3. d4 Nf6 4. Nc3 cxd4 5. Nxd4 a6 6. Be2 e5 7. Nb3 Be7 8. Qd3
O-O 9. Bg5 Be6 10. Bxf6 Bxf6 11. O-O-O Be7 12. Nd5 Bxd5 13. Qxd5 Qc7 14. Bg4 Nc6
15. Kb1 a5 16. a3 b5 17. c3 Qb6 18. Bd7 Na7 19. Rhf1 b4 20. cxb4 axb4 21. a4
Rad8 22. a5 Qa6 23. Ba4 Rc8 24. Rfe1 g6 25. g3 Kg7 26. h4 h5 27. Rc1 Rfd8 28.
Red1 Kf8 29. Rxc8 Rxc8 30. Rc1 Bd8 31. Rxc8 Nxc8 32. Bb5 Qa7 33. a6 Bb6 34. f4
Qc7 35. f5 Kg7 36. fxg6 Kxg6 37. Be2 Ne7 38. Qd1 Kg7 39. Bb5 Kg6 40. g4 hxg4 41.
Qxg4+ Kh7 42. h5 Qc8 43. Qe2 Qh3 44. Ka2 Qg3 45. Qc4 Qf3 46. Qxb4 1-0

[Event "chess.com SpeedChess 2024"]
[Site "chess.com INT"]
[Date "2024.07.31"]
[Round "1.6"]
[White "Sarana, Alexey"]
[Black "Caruana, Fabiano"]
[Result "1/2-1/2"]
[WhiteTitle "GM"]
[BlackTitle "GM"]
[WhiteElo "2717"]
[BlackElo "2796"]
[WhiteFideId "24133795"]
[BlackFideId "2020009"]
[EventDate "2024.07.25"]
[EventType "k.o."]

1. d4 Nf6 2. c4 e6 3. Nc3 Bb4 4. e3 b6 5. Bd3 Bb7 6. Nf3 O-O 7. O-O c5 8. Na4
cxd4 9. a3 Be7 10. exd4 Bxf3 11. Qxf3 Nc6 12. Be3 e5 13. dxe5 Nxe5 14. Qe2 d5
15. Rfd1 Nxd3 16. Qxd3 dxc4 17. Qxc4 Qc8 18. Qb5 Ng4 19. Bf4 Qc2 20. Rd2 Qg6 21.
Re1 Qf6 22. g3 g5 23. Bc7 Rfc8 24. Qd7 Bf8 25. Nc3 Qg6 26. Qxg4 Rxc7 27. Nd5 Rc6
28. Re5 h6 29. h4 gxh4 30. Qxh4 Rc1+ 31. Kg2 Qb1 32. Nf6+ Kh8 33. Qe4 Qxe4+ 34.
Nxe4 Rac8 35. Red5 R1c2 36. Kf3 Rxd2 37. Rxd2 Kg7 38. Nd6 Rc5 39. Ne4 Rc6 40.
Kg4 Kg6 41. Kf3 Bg7 42. b4 f5 43. Rd6+ Rxd6 44. Nxd6 Bb2 45. a4 Ba3 46. Nb5 Bxb4
47. Nxa7 Bc5 48. Nb5 h5 49. Nc7 Kf6 50. Nd5+ Kg5 51. Nf4 Bd6 52. Nd3 h4 53.
gxh4+ Kxh4 54. Nf4 Kg5 55. Nd5 Bc5 56. Kg3 Bd4 57. f4+ Kg6 58. Kf3 Kf7 59. Nc7
Ke7 60. Nb5 Bc5 61. Ke2 Ke6 62. Kd3 Kd5 63. Nc3+ Kc6 64. Kc4 Be3 65. Nd5 Bc1 66.
Kd4 Bb2+ 67. Kc4 Bc1 68. Nb4+ Kd6 69. Nd3 Be3 70. Nb4 Bxf4 71. Nd5 Be5 72. Nxb6
f4 73. Nd5 f3 74. Ne3 f2 75. Kd3 Kc5 76. Ke2 Kb4 77. Kxf2 Kxa4 1/2-1/2

[Event "chess.com SpeedChess 2024"]
[Site "chess.com INT"]
[Date "2024.07.31"]
[Round "1.7"]
[White "Caruana, Fabiano"]
[Black "Sarana, Alexey"]
[Result "1-0"]
[WhiteTitle "GM"]
[BlackTitle "GM"]
[WhiteElo "2796"]
[BlackElo "2717"]
[WhiteFideId "2020009"]
[BlackFideId "24133795"]
[EventDate "2024.07.25"]
[EventType "k.o."]

1. e4 c5 2. Nf3 d6 3. d4 cxd4 4. Nxd4 Nf6 5. Nc3 a6 6. Be2 e5 7. Nb3 Be7 8. Qd3
Be6 9. Nd5 O-O 10. a4 Nbd7 11. c4 a5 12. Be3 b6 13. O-O Nc5 14. Nxc5 dxc5 15.
Rad1 Bxd5 16. cxd5 Bd6 17. Qc2 Qc7 18. Bg5 Qe7 19. Bc4 h6 20. Bh4 g5 21. Bg3 Nh5
22. Rfe1 Kg7 23. Qe2 Nf4 24. Bxf4 gxf4 25. Rd3 Rg8 26. Rh3 Kh7 27. g3 Rg6 28.
Qd1 Rag8 29. Kh1 Qd7 30. Rh4 Qe7 31. Rh3 Rf6 32. Rf1 Rg5 33. Rh4 Kg7 34. Rg4
Rfg6 35. Rxg5 hxg5 36. Qg4 Qe8 37. b3 Qh8 38. Kg2 Qh6 39. Rh1 Qh8 40. Be2 Qd8
41. Qf5 Qf6 42. Bg4 Qxf5 43. Bxf5 Rh6 44. Kf3 Be7 45. Ke2 Kf8 46. Kd3 Ke8 47.
Kc4 Kd8 48. Kb5 Kc7 49. h3 Bd6 50. h4 Be7 51. h5 Bd6 52. Bg4 f6 53. Kc4 Be7 54.
Kd3 Bf8 55. Ke2 Rh8 56. Kf3 Rh6 57. Bf5 Kd6 58. Bg6 Be7 59. Kg4 Bd8 60. Kf5 Be7
61. Re1 Bd8 62. gxf4 gxf4 63. Rg1 Ke7 64. Kg4 Kd6 65. Kf3 c4 66. bxc4 Kc5 67.
Kg4 Kxc4 68. d6 Kc5 69. d7 Kd6 70. Be8 f5+ 71. exf5 Ke7 72. Kf3 1-0

[Event "chess.com SpeedChess 2024"]
[Site "chess.com INT"]
[Date "2024.07.31"]
[Round "1.8"]
[White "Sarana, Alexey"]
[Black "Caruana, Fabiano"]
[Result "1-0"]
[WhiteTitle "GM"]
[BlackTitle "GM"]
[WhiteElo "2717"]
[BlackElo "2796"]
[WhiteFideId "24133795"]
[BlackFideId "2020009"]
[EventDate "2024.07.25"]
[EventType "k.o."]

1. d4 Nf6 2. c4 e6 3. Nc3 Bb4 4. e3 b6 5. Ne2 Ne4 6. Bd2 Nxd2 7. Qxd2 Bb7 8. a3
Be7 9. d5 d6 10. O-O-O Nd7 11. Kb1 O-O 12. h4 Bf6 13. g4 Bxc3 14. Nxc3 Nc5 15.
h5 h6 16. f4 a5 17. Rg1 exd5 18. cxd5 Re8 19. g5 hxg5 20. Rxg5 Qf6 21. Bd3 Kh8
22. Rdg1 Rg8 23. Bc2 a4 24. e4 Rae8 25. Qh2 Qh6 26. e5 dxe5 27. fxe5 Ba6 28.
Nxa4 Bc4 29. Nxc5 bxc5 30. e6 Rb8 31. exf7 Rxb2+ 32. Kxb2 1-0

[Event "chess.com SpeedChess 2024"]
[Site "chess.com INT"]
[Date "2024.07.31"]
[Round "1.9"]
[White "Caruana, Fabiano"]
[Black "Sarana, Alexey"]
[Result "1/2-1/2"]
[WhiteTitle "GM"]
[BlackTitle "GM"]
[WhiteElo "2796"]
[BlackElo "2717"]
[WhiteFideId "2020009"]
[BlackFideId "24133795"]
[EventDate "2024.07.25"]
[EventType "k.o."]

1. e4 c5 2. Nf3 d6 3. Nc3 Nf6 4. d4 cxd4 5. Qxd4 Nc6 6. Qe3 g6 7. h3 Bg7 8. Bc4
O-O 9. O-O Be6 10. Bb3 Qb6 11. Qe2 Qa6 12. Qxa6 bxa6 13. Re1 Nd7 14. Nd5 Nc5 15.
c3 Nxb3 16. axb3 a5 17. Be3 Rab8 18. Ra3 Rb5 19. Nc7 Rb7 20. Nxe6 fxe6 21. Nd2
Rfb8 22. Rea1 d5 23. Ra4 Rb5 24. Kf1 R8b7 25. g4 Kf7 26. Kg2 h5 27. gxh5 gxh5
28. Re1 Rb8 29. Bf4 Rg8 30. Kf1 Bf6 31. Be3 Rd8 32. Rc1 Rg8 33. Ke2 Rg2 34. Kf3
Rg8 35. Ke2 Rg2 36. Kf3 Rg7 37. Ke2 Rg8 38. Rd1 Rg2 39. Kf3 Rg8 40. Ke2 Rd8 41.
Rc1 Rdb8 42. f4 Rg8 43. e5 Bg7 44. Rg1 Bh6 45. Rxg8 Kxg8 46. Kd3 Kf7 47. Ra1 Rb8
48. Rg1 a4 49. b4 a5 50. bxa5 Nxa5 51. Kc2 Nc6 52. Nf3 Ra8 53. Ra1 Rg8 54. h4
Rg3 55. Rf1 Ke8 56. Kd3 Rg4 57. Nd2 Rxh4 58. c4 Rg4 59. cxd5 exd5 60. Rc1 Nb4+
61. Ke2 h4 62. e6 Kf8 63. Rc8+ Kg7 64. Bd4+ Kg6 65. Re8 Rg2+ 66. Kd1 Kf5 67.
Rxe7 h3 68. Nf3 Bxf4 69. Nh4+ Ke4 70. Nxg2 hxg2 71. Bg1 Ke5 72. Re8 Nd3 73. e7
Bg5 74. Kc2 Nb4+ 75. Kc3 Nc6 76. Kc2 Bxe7 77. Ra8 Nb4+ 78. Kd2 d4 79. Rxa4 Nd5
80. Bxd4+ Ke6 81. Bg1 Bf6 82. b3 Bg5+ 83. Kd3 Bf6 84. Rg4 Kf5 85. Rg8 Nf4+ 86.
Kc4 Bg5 87. b4 Ne2 88. Bf2 g1=Q 89. Bxg1 Nxg1 90. b5 Be3 91. Re8 Bb6 92. Rb8 Ba7
93. Rb7 Be3 94. Kd3 Bc5 95. Rc7 Bb6 96. Rc6 Ba7 97. Ra6 Bc5 98. Kc4 Be3 99. Ra3
Bb6 100. Ra6 Be3 101. Ra2 Nf3 102. Kd5 Ng5 103. Re2 Bb6 104. Kc6 Bd4 105. Kd5
Bb6 106. Re1 Ba7 107. Ra1 Bb6 108. Rf1+ Kg6 109. Kc6 Be3 110. Re1 Bd4 111. Kd5
Bf2 112. Rc1 Be3 113. Rc3 Bf2 114. Rc2 Bg1 115. Rg2 Be3 116. Ke5 Bb6 117. Rg4
Bc7+ 118. Kd5 Bb6 119. Rg2 Ba7 120. Rc2 Be3 121. Ke5 Bg1 122. Rc1 Be3 123. Rc6+
Kf7 124. Kf5 Ke7 125. Rc3 Bd2 126. Rd3 Bc1 127. b6 Bf4 128. Kxf4 Ne6+ 129. Ke5
Nc5 130. Kd4 Nxd3 131. b7 Nb4 132. Kc5 Na6+ 133. Kb6 Nb8 134. Kc7 Na6+ 135. Kb6
Nb8 136. Kc7 Na6+ 137. Kb6 1/2-1/2

[Event "chess.com SpeedChess 2024"]
[Site "chess.com INT"]
[Date "2024.07.31"]
[Round "1.10"]
[White "Sarana, Alexey"]
[Black "Caruana, Fabiano"]
[Result "0-1"]
[WhiteTitle "GM"]
[BlackTitle "GM"]
[WhiteElo "2717"]
[BlackElo "2796"]
[WhiteFideId "24133795"]
[BlackFideId "2020009"]
[EventDate "2024.07.25"]
[EventType "k.o."]

1. d4 Nf6 2. c4 e6 3. Nc3 Bb4 4. e3 b6 5. Ne2 Ba6 6. Qa4 Be7 7. e4 Bb7 8. Qc2 d6
9. d5 O-O 10. Nd4 Bc8 11. Be2 e5 12. Nc6 Nxc6 13. dxc6 Qe8 14. Nd5 Bd8 15. Nxf6+
Bxf6 16. Qa4 Bb7 17. Be3 Qxc6 18. Qxc6 Bxc6 19. f3 a5 20. b3 g6 21. h4 h5 22.
Bd3 Kg7 23. Ke2 Bd7 24. Rag1 Rh8 25. Kd2 Be6 26. g3 Be7 27. f4 Bg4 28. Rf1 Bf6
29. Rf2 exf4 30. gxf4 Rhe8 31. Kc2 Re7 32. Bd2 Rae8 33. Rff1 Bd7 34. f5 Bc6 35.
fxg6 fxg6 36. e5 dxe5 37. Rhg1 e4 38. Be2 e3 39. Bc3 Bxc3 40. Kxc3 Re5 41. Rg3
R8e6 42. Rfg1 Be8 43. a3 c5 44. b4 axb4+ 45. axb4 Bf7 46. bxc5 bxc5 47. Rb1 Re4
48. Bxh5 e2 49. Re1 R6e5 50. Bf3 Rxc4+ 51. Kd2 Rd4+ 52. Kc2 Bc4 53. h5 g5 54.
Bg4 Kh6 55. Rg2 Rf4 56. Rgg1 Rfe4 57. Rg2 Be6 58. Bxe6 Rxe6 59. Rh2 g4 60. Kd3
c4+ 61. Kc3 R6e5 62. Rg2 Kxh5 63. Rh2+ Kg5 64. Rh8 Kf4 65. Rf8+ Ke3 0-1

[Event "chess.com SpeedChess 2024"]
[Site "chess.com INT"]
[Date "2024.07.31"]
[Round "1.11"]
[White "Caruana, Fabiano"]
[Black "Sarana, Alexey"]
[Result "1-0"]
[WhiteTitle "GM"]
[BlackTitle "GM"]
[WhiteElo "2796"]
[BlackElo "2717"]
[WhiteFideId "2020009"]
[BlackFideId "24133795"]
[EventDate "2024.07.25"]
[EventType "k.o."]

1. c4 e6 2. Nc3 d5 3. d4 Bb4 4. cxd5 exd5 5. a3 Be7 6. Bf4 Nf6 7. e3 Bd6 8. Bxd6
Qxd6 9. Bd3 O-O 10. h3 b6 11. Nf3 c5 12. O-O Be6 13. dxc5 bxc5 14. e4 Nc6 15.
exd5 Bxd5 16. Nxd5 Qxd5 17. Rc1 Rab8 18. Qc2 Nd4 19. Nxd4 cxd4 20. b4 g6 21.
Rfd1 Rfd8 22. Qc7 Rb7 23. Qf4 Kg7 24. Bc4 Qd7 25. Ba6 Rb6 26. Rc7 Qa4 27. Be2
Re6 28. Qf3 Nd7 29. Rxd4 Ne5 30. Qc3 Rxd4 31. Qxd4 Qxa3 32. f4 a5 33. fxe5 Qxb4
34. Qxb4 axb4 35. Bc4 Rxe5 36. Rxf7+ Kh6 37. Rb7 Re4 38. Rxb4 Rd4 39. Ra4 Kg5
40. Bb5 Rd5 41. Bc6 Rc5 42. Bf3 Kh6 43. Kh2 Kg7 44. h4 Kh6 45. Kg3 Rc7 46. Rb4
Ra7 47. Rb7 Ra3 48. Rf7 Rb3 49. Kh3 Rb5 50. g4 g5 51. hxg5+ Rxg5 52. Be4 Re5 53.
Rxh7+ 1-0

[Event "chess.com SpeedChess 2024"]
[Site "chess.com INT"]
[Date "2024.07.31"]
[Round "1.12"]
[White "Sarana, Alexey"]
[Black "Caruana, Fabiano"]
[Result "1-0"]
[WhiteTitle "GM"]
[BlackTitle "GM"]
[WhiteElo "2717"]
[BlackElo "2796"]
[WhiteFideId "24133795"]
[BlackFideId "2020009"]
[EventDate "2024.07.25"]
[EventType "k.o."]

1. d4 Nf6 2. c4 e6 3. Nc3 Bb4 4. e3 b6 5. Ne2 Ba6 6. Qa4 c5 7. a3 Bxc3+ 8. Nxc3
O-O 9. d5 exd5 10. cxd5 Bxf1 11. Rxf1 d6 12. f3 Nbd7 13. e4 Ne5 14. Qc2 b5 15.
Bf4 Re8 16. Nxb5 Nxd5 17. Bxe5 Rxe5 18. Qd2 Rb8 19. Nc3 Nb6 20. Rf2 d5 21. Qf4
Re8 22. Rc1 Nc4 23. Nxd5 Nxb2 24. Rd2 c4 25. Nb4 Nd3+ 26. Nxd3 cxd3 27. Qe3 Qh4+
28. g3 Qh5 29. Qxd3 h6 30. h4 a5 31. Kf2 a4 32. Qd5 Re5 33. Qd4 Ra5 34. Rc3 Qb5
35. Kg2 Qa6 36. Rdc2 Rab5 37. h5 Rb2 38. g4 Qb7 39. Kg3 Rxc2 40. Rxc2 Qe7 41.
Qc5 Qe6 42. Qc7 Re8 43. Qc6 Qe5+ 44. Kg2 Rd8 45. Qc3 Qb5 46. Rb2 Qa6 47. Qb4 Rd1
48. Rf2 Qc6 49. Qb2 Qc4 50. Qc2 Qd4 51. Qc8+ Kh7 52. Qf5+ Kg8 53. Qc8+ Kh7 54.
Qc2 Qa1 55. e5+ Kg8 56. Qc8+ Kh7 57. Qc2+ Kg8 58. Rd2 Rg1+ 59. Kh2 Rh1+ 60. Kg3
Qe1+ 61. Kf4 Qg1 62. Rd8# 1-0

[Event "chess.com SpeedChess 2024"]
[Site "chess.com INT"]
[Date "2024.07.31"]
[Round "1.13"]
[White "Caruana, Fabiano"]
[Black "Sarana, Alexey"]
[Result "1-0"]
[WhiteTitle "GM"]
[BlackTitle "GM"]
[WhiteElo "2796"]
[BlackElo "2717"]
[WhiteFideId "2020009"]
[BlackFideId "24133795"]
[EventDate "2024.07.25"]
[EventType "k.o."]

1. c4 e6 2. Nc3 d5 3. d4 Nf6 4. cxd5 exd5 5. Bg5 c6 6. Qc2 Be7 7. e3 h6 8. Bf4
Nh5 9. Be5 Nd7 10. Be2 Nhf6 11. Bg3 O-O 12. h3 Ne8 13. Nf3 Bd6 14. Ne5 Bxe5 15.
dxe5 Qe7 16. f4 f6 17. Bh4 Qf7 18. O-O Nc7 19. e4 fxe5 20. fxe5 Qe8 21. exd5
Nxd5 22. Nxd5 cxd5 23. Qc7 Rxf1+ 24. Rxf1 Nxe5 25. Qd6 Nf7 26. Qxd5 Be6 27. Qxb7
Bxa2 28. Bf3 Rb8 29. Qxa7 Rxb2 30. Bf2 Rc2 31. Re1 Qc8 32. Be4 Rd2 33. Qa5 Qd8
34. Bb6 Qg5 35. Qa8+ Nd8 36. Be3 Rd1 37. Bxg5 Rxe1+ 38. Kf2 Rxe4 39. Qxe4 1-0

[Event "chess.com SpeedChess 2024"]
[Site "chess.com INT"]
[Date "2024.07.31"]
[Round "1.14"]
[White "Sarana, Alexey"]
[Black "Caruana, Fabiano"]
[Result "1/2-1/2"]
[WhiteTitle "GM"]
[BlackTitle "GM"]
[WhiteElo "2717"]
[BlackElo "2796"]
[WhiteFideId "24133795"]
[BlackFideId "2020009"]
[EventDate "2024.07.25"]
[EventType "k.o."]

1. d4 Nf6 2. c4 e6 3. Nc3 Bb4 4. e3 b6 5. Nf3 Bb7 6. Bd3 O-O 7. O-O c5 8. Na4
cxd4 9. a3 Be7 10. exd4 Bxf3 11. Qxf3 Nc6 12. Be3 e5 13. dxe5 Nxe5 14. Qf5 Nxd3
15. Qxd3 d5 16. c5 bxc5 17. Bxc5 Re8 18. b4 Ne4 19. Bd4 Qd7 20. Nc3 Nxc3 21.
Qxc3 Rac8 22. Qb2 Bf8 23. Rfd1 Rc4 24. Rac1 Rec8 25. h3 Qa4 26. Qa1 a5 27. Rxc4
dxc4 28. Bc3 axb4 29. axb4 Qxa1 30. Rxa1 Rb8 31. Rb1 f6 32. b5 Bc5 33. Kf1 Kf7
34. Ba5 Ke6 35. Bc7 Rb7 36. b6 Kd5 37. Ke2 Kc6 38. Rc1 Kd5 39. Rb1 Kc6 40. Rc1
Kd5 41. Rb1 1/2-1/2

[Event "chess.com SpeedChess 2024"]
[Site "chess.com INT"]
[Date "2024.07.31"]
[Round "1.15"]
[White "Caruana, Fabiano"]
[Black "Sarana, Alexey"]
[Result "1-0"]
[WhiteTitle "GM"]
[BlackTitle "GM"]
[WhiteElo "2796"]
[BlackElo "2717"]
[WhiteFideId "2020009"]
[BlackFideId "24133795"]
[EventDate "2024.07.25"]
[EventType "k.o."]

1. c4 e6 2. Nc3 d5 3. d4 Nf6 4. cxd5 exd5 5. Bg5 c6 6. Qc2 h6 7. Bh4 Be7 8. e3
O-O 9. Bd3 c5 10. Nf3 Nc6 11. O-O Nb4 12. Qd2 Nxd3 13. Qxd3 c4 14. Qc2 a6 15. a4
Be6 16. Ne5 Nd7 17. Bxe7 Qxe7 18. f4 Nxe5 19. dxe5 Qc5 20. Qd2 Rad8 21. f5 d4
22. exd4 Rxd4 23. Qe3 Bc8 24. Rad1 Rfd8 25. Ne2 Rxd1 26. Qxc5 R1d5 1-0

[Event "chess.com SpeedChess 2024"]
[Site "chess.com INT"]
[Date "2024.07.31"]
[Round "1.16"]
[White "Sarana, Alexey"]
[Black "Caruana, Fabiano"]
[Result "1/2-1/2"]
[WhiteTitle "GM"]
[BlackTitle "GM"]
[WhiteElo "2717"]
[BlackElo "2796"]
[WhiteFideId "24133795"]
[BlackFideId "2020009"]
[EventDate "2024.07.25"]
[EventType "k.o."]

1. d4 Nf6 2. c4 e6 3. Nc3 Bb4 4. Qc2 O-O 5. a3 Bxc3+ 6. Qxc3 d5 7. Bg5 h6 8.
Bxf6 Qxf6 9. Nf3 dxc4 10. Qxc4 Bd7 11. Qxc7 Bc6 12. e3 Nd7 13. Be2 Qg6 14. d5
exd5 15. Qg3 Qc2 16. Nd4 Qxb2 17. O-O Rfe8 18. Rfb1 Qc3 19. Rc1 Qb2 20. Rab1
Qxa3 21. Nf5 g6 22. Nxh6+ Kf8 23. h4 Qe7 24. h5 Qe5 25. Qh3 Nf6 26. hxg6 fxg6
27. Bd3 Qg5 28. f4 Qh5 29. Qxh5 gxh5 30. Nf5 a5 31. Bb5 Rec8 32. Nd6 Rcb8 33.
Bxc6 bxc6 34. Rxb8+ Rxb8 35. Rxc6 Ng4 36. Kf1 Ra8 37. Rc3 a4 38. Ra3 Ke7 39.
Nf5+ Ke6 40. Nd4+ Kd6 41. Ke2 Kc5 42. Kd3 Nf6 43. Rc3+ Kb4 44. Nc6+ Kb5 45. Nd4+
Kb4 46. Rc6 Ne4 47. Rb6+ Kc5 48. Rc6+ Kb4 49. Rb6+ Kc5 50. Rc6+ Kb4 1/2-1/2

[Event "chess.com SpeedChess 2024"]
[Site "chess.com INT"]
[Date "2024.07.31"]
[Round "1.17"]
[White "Caruana, Fabiano"]
[Black "Sarana, Alexey"]
[Result "1-0"]
[WhiteTitle "GM"]
[BlackTitle "GM"]
[WhiteElo "2796"]
[BlackElo "2717"]
[WhiteFideId "2020009"]
[BlackFideId "24133795"]
[EventDate "2024.07.25"]
[EventType "k.o."]

1. c4 e6 2. Nc3 d5 3. d4 Bb4 4. a3 Bxc3+ 5. bxc3 Nf6 6. cxd5 exd5 7. e3 O-O 8.
Bd3 c5 9. Ne2 b6 10. O-O Ba6 11. Bxa6 Nxa6 12. f3 Re8 13. Qd3 Nb8 14. Ng3 Nc6
15. Bb2 c4 16. Qd2 h5 17. Rae1 h4 18. Nf5 Ne7 19. Nxe7+ Rxe7 20. Qf2 h3 21. g4
Qe8 22. Kh1 b5 23. Rg1 a5 24. Rg3 Nh7 25. Rxh3 Ng5 26. Rh5 f6 27. h4 Nf7 28.
Rxd5 b4 29. e4 Rb8 30. Rc5 bxa3 31. Bxa3 Rb3 32. Rxa5 Reb7 33. Bb4 Qb8 34. e5
fxe5 35. dxe5 Nd8 36. Qe2 Qc8 37. e6 1-0

[Event "chess.com SpeedChess 2024"]
[Site "chess.com INT"]
[Date "2024.07.31"]
[Round "1.18"]
[White "Sarana, Alexey"]
[Black "Caruana, Fabiano"]
[Result "0-1"]
[WhiteTitle "GM"]
[BlackTitle "GM"]
[WhiteElo "2717"]
[BlackElo "2796"]
[WhiteFideId "24133795"]
[BlackFideId "2020009"]
[EventDate "2024.07.25"]
[EventType "k.o."]

1. d4 Nf6 2. c4 e6 3. Nc3 Bb4 4. e3 b6 5. Ne2 Ba6 6. Qa4 c5 7. a3 Bxc3+ 8. Nxc3
O-O 9. d5 exd5 10. cxd5 Bxf1 11. Kxf1 d6 12. f3 Nbd7 13. e4 Ne5 14. Qc2 b5 15.
Kf2 Qb6 16. Be3 a5 17. h3 b4 18. Ne2 Rfb8 19. Rhb1 Qb5 20. Rd1 Qc4 21. Rac1 Qxc2
22. Rxc2 bxa3 23. bxa3 Rb3 24. Rc3 a4 25. Bf4 Nfd7 26. Bxe5 Nxe5 27. f4 Nd7 28.
Rdd3 Rab8 29. g4 h6 30. Ke3 g5 31. Rd2 gxf4+ 32. Kxf4 Ne5 33. Rdc2 Rb1 34. Ng3
R8b3 35. g5 hxg5+ 36. Kxg5 Ra1 37. Kf6 Raxa3 38. Rxb3 axb3 39. Rg2 Ra2 40. Rg1
Nf3 41. Rb1 b2 42. e5 Nd2 43. Rxb2 Rxb2 44. exd6 c4 45. d7 Rb8 46. Ke7 c3 47.
Ne2 c2 48. d8=Q+ Rxd8 49. Kxd8 Ne4 50. Ke7 f5 0-1

[Event "chess.com SpeedChess 2024"]
[Site "chess.com INT"]
[Date "2024.07.31"]
[Round "1.19"]
[White "Caruana, Fabiano"]
[Black "Sarana, Alexey"]
[Result "1-0"]
[WhiteTitle "GM"]
[BlackTitle "GM"]
[WhiteElo "2796"]
[BlackElo "2717"]
[WhiteFideId "2020009"]
[BlackFideId "24133795"]
[EventDate "2024.07.25"]
[EventType "k.o."]

1. c4 e5 2. d3 f5 3. Nf3 d6 4. g3 g6 5. Bg2 Bg7 6. O-O Nf6 7. Nc3 O-O 8. Rb1 a5
9. a3 Be6 10. b4 axb4 11. axb4 Ra7 12. b5 Nbd7 13. Ng5 Qe7 14. Nxe6 Qxe6 15. Be3
b6 16. Qc2 Kh8 17. Ra1 Rxa1 18. Rxa1 f4 19. Bd2 Nc5 20. Ra7 Rf7 21. Nd5 Ne8 22.
Ra8 Rf8 23. gxf4 exf4 24. Bxf4 Bd4 25. e3 Bg7 26. d4 Nd7 27. Qe4 Qf7 28. Bg3
Ndf6 29. Qe7 1-0

[Event "chess.com SpeedChess 2024"]
[Site "chess.com INT"]
[Date "2024.07.31"]
[Round "1.20"]
[White "Sarana, Alexey"]
[Black "Caruana, Fabiano"]
[Result "1-0"]
[WhiteTitle "GM"]
[BlackTitle "GM"]
[WhiteElo "2717"]
[BlackElo "2796"]
[WhiteFideId "24133795"]
[BlackFideId "2020009"]
[EventDate "2024.07.25"]
[EventType "k.o."]

1. d4 Nf6 2. c4 e6 3. Nc3 Bb4 4. Qc2 O-O 5. e4 d5 6. e5 Ne4 7. Bd3 c5 8. a3
Bxc3+ 9. bxc3 cxd4 10. cxd4 Nc6 11. Ne2 Qa5+ 12. Kf1 f6 13. exf6 Rxf6 14. f3 Rf7
15. Kg1 Nf6 16. Bd2 Qd8 17. c5 e5 18. dxe5 Nxe5 19. Nd4 Bd7 20. Re1 Nxd3 21.
Qxd3 Rc8 22. Be3 Re7 23. Rc1 Qe8 24. Kf2 Qh5 25. Bf4 Rce8 26. Rhd1 Ba4 27. Rf1
Bd7 28. Kg1 Rc8 29. Qd2 Qf7 30. Bd6 Ree8 31. Rfe1 Rxe1+ 32. Rxe1 Re8 33. Rb1 Bc6
34. h3 Nd7 35. Re1 Rxe1+ 36. Qxe1 Nf6 37. Qg3 Bd7 38. Bb8 a6 39. Be5 Qg6 40.
Qxg6 hxg6 41. h4 Nh7 42. Bd6 Kf7 43. Kf2 g5 44. h5 g4 45. Kg3 Ng5 46. fxg4 Ne4+
47. Kf4 b6 48. Nb3 Ba4 49. cxb6 Nxd6 50. Na5 d4 51. b7 Nxb7 52. Nxb7 d3 53. Ke3
Bc6 54. Nc5 Bxg2 55. Nxd3 Kf6 56. Kf4 g5+ 57. Ke3 Bd5 58. Nf2 Kg7 59. Ne4 Kh6
60. Nd6 Be6 61. Kf3 Bd5+ 62. Kg3 Be6 63. Nb7 Bd5 64. Nc5 Bc4 65. Nb7 Kg7 66. Nd6
Be6 67. Ne4 Kh6 68. Nd6 Kg7 69. Nf5+ Kh7 70. Ne3 Bb3 71. Kf3 Kh6 72. Ke4 Be6 73.
Ke5 Bb3 74. Kf6 Ba2 75. Nf5+ Kh7 76. Kxg5 Bb1 77. Kf6 Bc2 78. g5 Bd1 79. g6+ Kh8
80. h6 Kg8 81. h7+ Kh8 82. Kg5 Bc2 83. Kh6 Bxf5 84. g7# 1-0

[Event "chess.com SpeedChess 2024"]
[Site "chess.com INT"]
[Date "2024.07.31"]
[Round "1.21"]
[White "Caruana, Fabiano"]
[Black "Sarana, Alexey"]
[Result "1-0"]
[WhiteTitle "GM"]
[BlackTitle "GM"]
[WhiteElo "2796"]
[BlackElo "2717"]
[WhiteFideId "2020009"]
[BlackFideId "24133795"]
[EventDate "2024.07.25"]
[EventType "k.o."]

1. c4 e5 2. d3 Nf6 3. Nf3 Nc6 4. a3 d5 5. cxd5 Nxd5 6. e3 Be7 7. b4 a6 8. Be2
Bf6 9. Ra2 Be6 10. Rc2 Nb6 11. Nbd2 Be7 12. Bb2 f6 13. O-O O-O 14. Qb1 Bd6 15.
Ne4 f5 16. Nc5 Bc8 17. Rd1 Kh8 18. e4 fxe4 19. dxe4 Qe8 20. Ba1 Qg6 21. Rcd2 Ne7
22. Nxe5 Qh6 23. Qb3 Ng6 24. Nxg6+ hxg6 25. e5 Be7 26. e6 c6 27. Rd3 Kg8 28. Nd7
Rf5 29. Nxb6 1-0